000 00637nam a22002177a 4500
007 00
008 170424b xxu||||| |||| 00| 0 eng d
020 _a2-10-048906-2
040 _aBUAC
_cBUC
041 _aFre.
100 _aBARABEL, Michel
245 _aManageor
_c/ par Michel BARABEl, Olivier MEIER
260 _aParis :
_bDunod,
_c2006.
300 _a884 p.
_c24 cm.
440 _a(Les meilleures pratiques du management)
500 _aBibliogr. : pp. (849-880) ; Index : pp. (881-884)
630 _aSCIENCES APPLIQUEES ET TECHNIQUES
650 _aMARKETING ; GESTION
700 _aMEIER, Olivier
942 _cLBA
999 _c56229
_d56229